00956nam a2200301Ia 4500001000700000003000500007008004100012010001100053020001800064040000900082082001500091100003100106245014700137250001200284260003200296300001700328503001700345504003300362650005400395650004500449901001500494902000600509910000900515942000600524942000700530999001900537952009800556Z_5845CHAP220113s9999 xx 000 0 und d a169050 a0-85199-010-X cCHAP a630.28 T46 aThornley, J. H. M.9143368 aMathematical models in agriculture a quantitative : approach to problems in agriculture and related sciences /cJ. H. M. Thornley y J. France a2a. ed. aReino Unido :bCABI,c  axvii, 906 p. aej.1: 242183 aBibliografía: p. 843 - 886 aAgricultura xx Análisis estadístico9143369 aAgriculturaxModelos matemáticos91744 a630.28 T46 aM a  c1 cc1 c169050d169050 00102ddc40708GRALaZbZc1d2009-10-28pz_5750r2022-01-18 00:00:00t1w2022-01-18yLIBRO